[Event "EYCC 2024 - G16"]
[Site "?"]
[Date "2024.08.25"]
[Round "4.7"]
[White "Seemann, Pola"]
[Black "Sprzeczka, Emilia"]
[Result "0-1"]
[BlackElo "2149"]
[WhiteElo "1914"]
[LiveChessVersion "1.4.8"]

1. d4 {[%clk 1:30:57]} Nf6 {[%clk 1:30:55]} 2. Nc3 {[%clk 1:31:21]} d5
{[%clk 1:30:36]} 3. Bf4 {[%clk 1:31:41]} g6 {[%clk 1:30:15]} 4. Qd2
{[%clk 1:31:24]} Bg7 {[%clk 1:30:09]} 5. Bh6 {[%clk 1:31:42]} Bxh6
{[%clk 1:30:13]} 6. Qxh6 {[%clk 1:32:00]} Bf5 {[%clk 1:30:12]} 7. O-O-O
{[%clk 1:27:31]} Ng4 {[%clk 1:29:56]} 8. Qf4 {[%clk 1:25:39]} Qd6
{[%clk 1:12:15]} 9. Qxd6 {[%clk 1:21:34]} exd6 {[%clk 1:04:04]} 10. Nh3
{[%clk 1:18:03]} c6 {[%clk 0:59:20]} 11. Kd2 {[%clk 1:12:08]} Nf6
{[%clk 0:55:23]} 12. g3 {[%clk 1:03:18]} Na6 {[%clk 0:43:38]} 13. f3
{[%clk 0:56:35]} h5 {[%clk 0:38:58]} 14. Nf2 {[%clk 0:52:20]} c5 {[%clk 0:37:15]}
15. e4 {[%clk 0:44:29]} dxe4 {[%clk 0:30:16]} 16. fxe4 {[%clk 0:41:48]} Bg4
{[%clk 0:29:29]} 17. Nxg4 {[%clk 0:38:30]} Nxg4 {[%clk 0:24:01]} 18. Bb5+
{[%clk 0:35:13]} Kf8 {[%clk 0:23:45]} 19. Ke2 {[%clk 0:34:53]} Kg7
{[%clk 0:17:37]} 20. h3 {[%clk 0:30:55]} Nh6 {[%clk 0:16:03]} 21. dxc5
{[%clk 0:28:38]} dxc5 {[%clk 0:15:42]} 22. Rd7 {[%clk 0:27:39]} Nb4
{[%clk 0:14:20]} 23. Ba4 {[%clk 0:26:28]} Rab8 {[%clk 0:14:21]} 24. Nb5
{[%clk 0:23:30]} a6 {[%clk 0:13:48]} 25. Nd6 {[%clk 0:19:11]} b5 {[%clk 0:13:28]}
26. Bb3 {[%clk 0:19:23]} c4 {[%clk 0:13:38]} 27. c3 {[%clk 0:19:06]} cxb3
{[%clk 0:10:52]} 28. cxb4 {[%clk 0:19:25]} bxa2 {[%clk 0:10:44]} 29. Ra1
{[%clk 0:19:17]} Rhd8 {[%clk 0:08:52]} 30. Rxd8 {[%clk 0:19:26]} Rxd8
{[%clk 0:09:18]} 31. e5 {[%clk 0:19:50]} Nf5 {[%clk 0:08:36]} 32. Nxf5+
{[%clk 0:18:47]} gxf5 {[%clk 0:09:00]} 33. Rxa2 {[%clk 0:18:46]} Re8
{[%clk 0:05:54]} 34. Rxa6 {[%clk 0:17:13]} Rxe5+ {[%clk 0:06:17]} 35. Kd3
{[%clk 0:17:17]} Re4 {[%clk 0:06:34]} 36. Rb6 {[%clk 0:16:33]} Rxb4
{[%clk 0:06:55]} 37. Kc3 {[%clk 0:16:55]} Rc4+ {[%clk 0:06:54]} 38. Kd3
{[%clk 0:17:17]} Rb4 {[%clk 0:05:20]} 39. Kc3 {[%clk 0:17:40]} Re4
{[%clk 0:04:37]} 40. Kd3 {[%clk 0:17:44]} b4 {[%clk 0:04:50]} 41. Rc6
{[%clk 0:15:00]} Re1 {[%clk 0:04:02]} 42. Rc5 {[%clk 0:12:36]} Kg6
{[%clk 0:04:08]} 43. Kc4 {[%clk 0:12:05]} Rg1 {[%clk 0:03:12]} 44. Kxb4
{[%clk 0:12:26]} Rxg3 {[%clk 0:03:37]} 45. Rc3 {[%clk 0:12:44]} f4
{[%clk 0:03:30]} 46. Kc4 {[%clk 0:12:18]} f3 {[%clk 0:02:34]} 47. Kd4
{[%clk 0:12:40]} Rxh3 {[%clk 0:02:29]} 48. Ke3 {[%clk 0:12:47]} Rh2
{[%clk 0:01:41]} 49. b3 {[%clk 0:11:50]} Kg5 {[%clk 0:01:07]} 50. Rc5+
{[%clk 0:11:06]} Kg4 {[%clk 0:01:03]} 51. Rc8 {[%clk 0:11:06]} Re2+
{[%clk 0:01:21]} 52. Kd3 {[%clk 0:11:30]} Re7 {[%clk 0:01:32]} 53. Rg8+
{[%clk 0:11:43]} Kf4 {[%clk 0:01:48]} 54. Rg1 {[%clk 0:11:42]} f2
{[%clk 0:02:12]} 55. Rf1 {[%clk 0:12:07]} Kf3 {[%clk 0:02:38]} 0-1

[Event "EYCC 2024 - G16"]
[Site "?"]
[Date "2024.08.25"]
[Round "4.8"]
[White "Sekova, Olivia"]
[Black "Lorenz, Veronika"]
[Result "1-0"]
[BlackElo "1884"]
[WhiteElo "2073"]
[LiveChessVersion "1.4.8"]

1. e4 {[%clk 1:30:57]} e5 {[%clk 1:30:59]} 2. Nf3 {[%clk 1:31:16]} Nc6
{[%clk 1:31:28]} 3. d4 {[%clk 1:31:36]} exd4 {[%clk 1:31:46]} 4. Nxd4
{[%clk 1:31:59]} Nf6 {[%clk 1:32:00]} 5. Nxc6 {[%clk 1:32:21]} bxc6
{[%clk 1:32:24]} 6. Qe2 {[%clk 1:32:35]} Qe7 {[%clk 1:12:05]} 7. Nc3
{[%clk 1:32:06]} Bb7 {[%clk 1:11:32]} 8. b3 {[%clk 1:24:34]} O-O-O
{[%clk 1:08:44]} 9. Bb2 {[%clk 1:23:49]} g6 {[%clk 1:04:19]} 10. g3
{[%clk 1:17:33]} Bg7 {[%clk 1:03:18]} 11. Bg2 {[%clk 1:17:02]} Rhe8
{[%clk 0:59:46]} 12. O-O-O {[%clk 1:16:04]} Nxe4 {[%clk 0:41:41]} 13. Nxe4
{[%clk 1:10:23]} Bxb2+ {[%clk 0:41:46]} 14. Kxb2 {[%clk 1:10:47]} f5
{[%clk 0:41:59]} 15. Qe3 {[%clk 1:10:28]} fxe4 {[%clk 0:38:54]} 16. Qxa7
{[%clk 1:10:44]} c5 {[%clk 0:36:29]} 17. Kb1 {[%clk 1:10:06]} Qe5
{[%clk 0:30:12]} 18. Rhe1 {[%clk 1:06:28]} Re6 {[%clk 0:25:35]} 19. Bf1
{[%clk 1:03:02]} Rf6 {[%clk 0:18:30]} 20. a4 {[%clk 0:57:36]} Rxf2
{[%clk 0:12:32]} 21. Ba6 {[%clk 0:57:47]} Bxa6 {[%clk 0:12:48]} 22. Qa8#
{[%clk 0:58:11]} 1-0

[Event "EYCC 2024 - G16"]
[Site "?"]
[Date "2024.08.25"]
[Round "4.9"]
[White "Pinyol I Llora, Julia"]
[Black "Zhezhovska, Monika"]
[Result "1/2-1/2"]
[BlackElo "2069"]
[WhiteElo "1909"]
[LiveChessVersion "1.4.8"]

1. d4 {[%clk 1:30:56]} Nf6 {[%clk 1:30:55]} 2. c4 {[%clk 1:31:15]} e6
{[%clk 1:31:18]} 3. Nf3 {[%clk 1:31:36]} d5 {[%clk 1:31:41]} 4. g3
{[%clk 1:31:55]} Be7 {[%clk 1:32:04]} 5. Bg2 {[%clk 1:32:09]} O-O
{[%clk 1:32:26]} 6. O-O {[%clk 1:32:32]} dxc4 {[%clk 1:32:53]} 7. Qc2
{[%clk 1:32:48]} a6 {[%clk 1:33:18]} 8. a4 {[%clk 1:33:04]} Bd7 {[%clk 1:33:42]}
9. Qxc4 {[%clk 1:33:17]} Bc6 {[%clk 1:34:06]} 10. Bf4 {[%clk 1:33:32]} Nbd7
{[%clk 1:33:16]} 11. Nc3 {[%clk 1:30:18]} Bd6 {[%clk 1:31:11]} 12. Bxd6
{[%clk 1:22:32]} cxd6 {[%clk 1:30:01]} 13. Qd3 {[%clk 1:20:49]} Bxf3
{[%clk 1:19:29]} 14. Bxf3 {[%clk 1:19:09]} d5 {[%clk 1:19:33]} 15. a5
{[%clk 1:15:28]} b6 {[%clk 1:15:11]} 16. axb6 {[%clk 1:09:19]} Qxb6
{[%clk 1:14:46]} 17. Ra2 {[%clk 1:08:14]} Rfc8 {[%clk 1:09:52]} 18. Rfa1
{[%clk 1:07:10]} Rc4 {[%clk 1:04:41]} 19. e3 {[%clk 1:06:06]} Rb8
{[%clk 0:53:35]} 20. Be2 {[%clk 0:58:56]} a5 {[%clk 0:44:37]} 21. h4
{[%clk 0:43:40]} h6 {[%clk 0:37:13]} 22. Kg2 {[%clk 0:40:24]} Rb4
{[%clk 0:32:47]} 23. Rxa5 {[%clk 0:36:44]} Rxb2 {[%clk 0:31:27]} 24. Ra8
{[%clk 0:30:22]} Qc6 {[%clk 0:30:38]} 25. Rxb8+ {[%clk 0:28:01]} Rxb8
{[%clk 0:31:06]} 26. Nb5 {[%clk 0:24:33]} Nb6 {[%clk 0:26:16]} 27. Ra6
{[%clk 0:23:20]} Nfd7 {[%clk 0:24:49]} 28. Qa3 {[%clk 0:20:52]} Qc2
{[%clk 0:20:01]} 29. Bd3 {[%clk 0:19:49]} Qc6 {[%clk 0:18:16]} 30. Qe7
{[%clk 0:18:20]} Qc8 {[%clk 0:14:59]} 31. Ra7 {[%clk 0:16:00]} Qd8
{[%clk 0:11:45]} 32. Qxd8+ {[%clk 0:12:12]} Rxd8 {[%clk 0:12:14]} 33. Kf3
{[%clk 0:11:40]} Kf8 {[%clk 0:11:10]} 34. g4 {[%clk 0:10:49]} Ke7
{[%clk 0:09:53]} 35. g5 {[%clk 0:10:38]} Rh8 {[%clk 0:09:05]} 36. g6
{[%clk 0:07:10]} fxg6 {[%clk 0:07:43]} 37. Bxg6 {[%clk 0:07:11]} Rf8+
{[%clk 0:07:48]} 38. Kg3 {[%clk 0:06:52]} Nc4 {[%clk 0:06:20]} 39. Nc3
{[%clk 0:06:07]} Rb8 {[%clk 0:05:20]} 40. Ne2 {[%clk 0:05:29]} Rb2
{[%clk 0:03:53]} 41. Nf4 {[%clk 0:05:32]} Rb8 {[%clk 0:02:16]} 42. Nh5
{[%clk 0:05:24]} Rg8 {[%clk 0:02:25]} 43. Nf4 {[%clk 0:03:36]} Rb8
{[%clk 0:02:31]} 44. Nh5 {[%clk 0:03:07]} Rg8 {[%clk 0:02:56]} 45. Nf4
{[%clk 0:03:31]} Rb8 {[%clk 0:03:19]} 46. Nh5 {[%clk 0:03:49]} 1/2-1/2

[Event "EYCC 2024 - G16"]
[Site "?"]
[Date "2024.08.25"]
[Round "4.10"]
[White "Maria, Lia-Alexandra"]
[Black "Zdor, Viktoriia"]
[Result "1/2-1/2"]
[BlackElo "1882"]
[WhiteElo "2046"]
[LiveChessVersion "1.4.8"]

1. e4 {[%clk 1:30:57]} c5 {[%clk 1:30:47]} 2. Nf3 {[%clk 1:31:22]} g6
{[%clk 1:31:08]} 3. d4 {[%clk 1:31:46]} cxd4 {[%clk 1:31:28]} 4. Nxd4
{[%clk 1:32:12]} Nc6 {[%clk 1:31:44]} 5. c4 {[%clk 1:32:24]} Nf6 {[%clk 1:30:23]}
6. Nc3 {[%clk 1:30:29]} Nxd4 {[%clk 1:30:41]} 7. Qxd4 {[%clk 1:30:54]} d6
{[%clk 1:30:52]} 8. Be3 {[%clk 1:31:01]} Bg7 {[%clk 1:30:46]} 9. f3
{[%clk 1:31:12]} O-O {[%clk 1:30:53]} 10. Qd2 {[%clk 1:31:37]} Be6
{[%clk 1:29:46]} 11. Rc1 {[%clk 1:31:24]} Qa5 {[%clk 1:28:53]} 12. Be2
{[%clk 1:30:29]} Rfc8 {[%clk 1:28:49]} 13. b3 {[%clk 1:29:53]} a6
{[%clk 1:29:00]} 14. O-O {[%clk 1:24:38]} b5 {[%clk 1:29:21]} 15. cxb5
{[%clk 1:22:57]} axb5 {[%clk 1:29:40]} 16. Qd3 {[%clk 1:21:30]} Ng4
{[%clk 1:13:22]} 17. Nxb5 {[%clk 1:16:00]} Nxe3 {[%clk 1:12:54]} 18. Qxe3
{[%clk 1:16:22]} Qxa2 {[%clk 1:01:36]} 19. Nc7 {[%clk 1:15:51]} Qb2
{[%clk 0:59:02]} 20. Rfd1 {[%clk 1:10:27]} Ra2 {[%clk 0:31:15]} 21. Nxe6
{[%clk 1:03:46]} Rxc1 {[%clk 0:31:33]} 22. Qxc1 {[%clk 1:00:02]} Qxc1
{[%clk 0:31:42]} 23. Rxc1 {[%clk 1:00:26]} fxe6 {[%clk 0:31:59]} 24. Bc4
{[%clk 0:59:50]} Bd4+ {[%clk 0:31:36]} 25. Kh1 {[%clk 1:00:00]} Kf7
{[%clk 0:31:43]} 26. g3 {[%clk 0:56:15]} Kf6 {[%clk 0:28:46]} 27. f4
{[%clk 0:49:45]} Rd2 {[%clk 0:27:57]} 28. Re1 {[%clk 0:44:27]} e5
{[%clk 0:17:58]} 29. Rf1 {[%clk 0:44:03]} Be3 {[%clk 0:14:37]} 30. Rf3
{[%clk 0:38:33]} exf4 {[%clk 0:12:47]} 31. gxf4 {[%clk 0:38:54]} Bc5
{[%clk 0:12:25]} 32. Rf1 {[%clk 0:36:34]} Bd4 {[%clk 0:11:10]} 33. Rf3
{[%clk 0:32:43]} Bb6 {[%clk 0:05:53]} 34. Rf1 {[%clk 0:32:24]} Bc5
{[%clk 0:05:55]} 35. Rf3 {[%clk 0:23:47]} e6 {[%clk 0:06:13]} 36. h3
{[%clk 0:23:35]} d5 {[%clk 0:05:33]} 37. exd5 {[%clk 0:12:49]} exd5
{[%clk 0:05:56]} 38. Rd3 {[%clk 0:12:43]} Rxd3 {[%clk 0:06:00]} 39. Bxd3
{[%clk 0:13:09]} Bd6 {[%clk 0:05:56]} 40. Kg2 {[%clk 0:13:22]} Bxf4
{[%clk 0:06:10]} 41. b4 {[%clk 0:13:33]} Bc7 {[%clk 0:05:31]} 42. Kf3
{[%clk 0:13:02]} Kg5 {[%clk 0:04:57]} 43. Ba6 {[%clk 0:10:39]} Kf5
{[%clk 0:04:35]} 44. Bd3+ {[%clk 0:09:40]} Kf6 {[%clk 0:04:53]} 45. Ke3
{[%clk 0:07:23]} Bb6+ {[%clk 0:04:46]} 46. Kf4 {[%clk 0:07:37]} Bf2
{[%clk 0:04:22]} 47. Kf3 {[%clk 0:06:58]} Be1 {[%clk 0:04:31]} 48. b5
{[%clk 0:07:14]} Ke5 {[%clk 0:03:53]} 49. b6 {[%clk 0:06:40]} Ba5
{[%clk 0:01:51]} 50. b7 {[%clk 0:06:27]} Bc7 {[%clk 0:02:16]} 51. h4
{[%clk 0:05:57]} Bb8 {[%clk 0:02:34]} 52. h5 {[%clk 0:05:03]} Kf6
{[%clk 0:02:59]} 53. Kg4 {[%clk 0:04:59]} Kg7 {[%clk 0:02:44]} 54. hxg6
{[%clk 0:04:48]} hxg6 {[%clk 0:02:32]} 1/2-1/2

[Event "EYCC 2024 - G16"]
[Site "?"]
[Date "2024.08.25"]
[Round "4.11"]
[White "Kirtadze, Anastasia"]
[Black "Balazs, Sztella Anna"]
[Result "1-0"]
[BlackElo "1879"]
[WhiteElo "2029"]
[LiveChessVersion "1.4.8"]

1. e4 {[%clk 1:30:53]} c5 {[%clk 1:30:57]} 2. Nf3 {[%clk 1:31:18]} Nc6
{[%clk 1:31:23]} 3. Bb5 {[%clk 1:31:44]} g6 {[%clk 1:31:49]} 4. Bxc6
{[%clk 1:24:26]} bxc6 {[%clk 1:32:13]} 5. O-O {[%clk 1:23:51]} d6
{[%clk 1:30:42]} 6. Re1 {[%clk 1:20:47]} Bg7 {[%clk 1:28:06]} 7. h3
{[%clk 1:17:36]} Qc7 {[%clk 1:26:40]} 8. Na3 {[%clk 1:14:58]} Rb8
{[%clk 1:19:05]} 9. c3 {[%clk 1:11:18]} e6 {[%clk 1:15:46]} 10. d4
{[%clk 1:08:00]} cxd4 {[%clk 1:15:01]} 11. cxd4 {[%clk 1:08:09]} Ne7
{[%clk 1:13:19]} 12. Bf4 {[%clk 1:06:52]} e5 {[%clk 1:11:38]} 13. dxe5
{[%clk 1:01:18]} dxe5 {[%clk 1:11:28]} 14. Be3 {[%clk 1:01:02]} O-O
{[%clk 1:06:34]} 15. Qc2 {[%clk 0:59:30]} Re8 {[%clk 1:02:33]} 16. Bc5
{[%clk 0:56:28]} Be6 {[%clk 0:56:42]} 17. Ng5 {[%clk 0:50:23]} Nc8
{[%clk 0:56:05]} 18. Red1 {[%clk 0:43:07]} Bh6 {[%clk 0:49:21]} 19. Nxe6
{[%clk 0:41:24]} Rxe6 {[%clk 0:49:41]} 20. Rd3 {[%clk 0:41:08]} Nd6
{[%clk 0:45:20]} 21. Rad1 {[%clk 0:35:58]} Nxe4 {[%clk 0:30:03]} 22. Rd7
{[%clk 0:34:14]} Qa5 {[%clk 0:29:47]} 23. b4 {[%clk 0:24:15]} Qxa3
{[%clk 0:28:20]} 24. Qxe4 {[%clk 0:23:26]} Qxa2 {[%clk 0:24:52]} 25. Rd8+
{[%clk 0:21:04]} Re8 {[%clk 0:24:34]} 26. Rxb8 {[%clk 0:21:05]} Rxb8
{[%clk 0:24:57]} 27. Qxe5 {[%clk 0:21:30]} Rc8 {[%clk 0:22:00]} 28. Bd4
{[%clk 0:15:07]} f6 {[%clk 0:15:47]} 29. Qxf6 {[%clk 0:15:21]} Qe2
{[%clk 0:16:07]} 30. Qh8+ {[%clk 0:13:28]} Kf7 {[%clk 0:16:31]} 31. Qxh7+
{[%clk 0:13:54]} Ke6 {[%clk 0:13:40]} 32. Qxg6+ {[%clk 0:14:10]} Kd5
{[%clk 0:13:46]} 33. Qf7+ {[%clk 0:14:15]} Kd6 {[%clk 0:13:38]} 34. Bc5+
{[%clk 0:14:26]} 1-0

[Event "EYCC 2024 - G16"]
[Site "?"]
[Date "2024.08.25"]
[Round "4.12"]
[White "Tomcaniova, Lucia"]
[Black "Rybackova, Lucie"]
[Result "1/2-1/2"]
[BlackElo "2024"]
[WhiteElo "1901"]
[LiveChessVersion "1.4.8"]

1. d4 {[%clk 1:30:49]} d5 {[%clk 1:29:56]} 2. Nf3 {[%clk 1:30:33]} Nf6
{[%clk 1:29:54]} 3. c4 {[%clk 1:30:22]} c6 {[%clk 1:29:56]} 4. cxd5
{[%clk 1:24:49]} cxd5 {[%clk 1:30:15]} 5. Nc3 {[%clk 1:25:13]} Nc6
{[%clk 1:29:42]} 6. Bf4 {[%clk 1:20:20]} g6 {[%clk 1:25:13]} 7. e3
{[%clk 1:18:57]} Bg7 {[%clk 1:22:19]} 8. Be2 {[%clk 1:13:34]} O-O
{[%clk 1:20:43]} 9. O-O {[%clk 1:13:13]} Bf5 {[%clk 1:17:13]} 10. Rc1
{[%clk 1:05:27]} Nh5 {[%clk 0:58:54]} 11. Bg5 {[%clk 0:50:44]} h6
{[%clk 0:59:02]} 12. Bh4 {[%clk 0:50:07]} g5 {[%clk 0:55:49]} 13. Bg3
{[%clk 0:49:51]} Nxg3 {[%clk 0:56:10]} 14. hxg3 {[%clk 0:50:12]} e6
{[%clk 0:54:49]} 15. Na4 {[%clk 0:38:19]} Rc8 {[%clk 0:49:37]} 16. Nc5
{[%clk 0:36:25]} Qe7 {[%clk 0:48:13]} 17. Nd3 {[%clk 0:26:24]} Rc7
{[%clk 0:39:11]} 18. Qd2 {[%clk 0:22:29]} Rfc8 {[%clk 0:38:46]} 19. Rc3
{[%clk 0:16:00]} Nd8 {[%clk 0:29:29]} 20. Rfc1 {[%clk 0:15:04]} b6
{[%clk 0:28:25]} 21. Rxc7 {[%clk 0:13:49]} Rxc7 {[%clk 0:28:47]} 22. Rc3
{[%clk 0:13:10]} Qd6 {[%clk 0:26:04]} 23. Qc1 {[%clk 0:12:57]} Rxc3
{[%clk 0:26:25]} 24. Qxc3 {[%clk 0:13:09]} Qc6 {[%clk 0:26:29]} 25. Qxc6
{[%clk 0:12:15]} Nxc6 {[%clk 0:26:52]} 26. Kf1 {[%clk 0:11:38]} f6
{[%clk 0:26:33]} 27. Nc1 {[%clk 0:08:01]} e5 {[%clk 0:23:52]} 28. Bb5
{[%clk 0:06:29]} Ne7 {[%clk 0:23:32]} 29. Ke1 {[%clk 0:05:16]} Kf7
{[%clk 0:22:45]} 30. Kd2 {[%clk 0:05:13]} Ke6 {[%clk 0:22:22]} 31. Ng1
{[%clk 0:04:01]} Kd6 {[%clk 0:19:47]} 32. Nge2 {[%clk 0:03:56]} h5
{[%clk 0:17:38]} 33. Nd3 {[%clk 0:02:22]} Nc6 {[%clk 0:14:20]} 34. Ne1
{[%clk 0:01:54]} g4 {[%clk 0:11:51]} 35. Bd3 {[%clk 0:01:46]} Bxd3
{[%clk 0:06:17]} 1/2-1/2

[Event "EYCC 2024 - G16"]
[Site "?"]
[Date "2024.08.25"]
[Round "4.13"]
[White "Petrenko, Maryna"]
[Black "Hristova, Ivelina"]
[Result "1-0"]
[BlackElo "1875"]
[WhiteElo "2020"]
[LiveChessVersion "1.4.8"]

1. d4 {[%clk 1:30:59]} d5 {[%clk 1:30:56]} 2. Nf3 {[%clk 1:31:24]} Nf6
{[%clk 1:31:21]} 3. c4 {[%clk 1:31:48]} e6 {[%clk 1:31:48]} 4. g3
{[%clk 1:31:55]} Bd6 {[%clk 1:32:10]} 5. Bg2 {[%clk 1:32:09]} O-O
{[%clk 1:32:33]} 6. O-O {[%clk 1:32:13]} Nc6 {[%clk 1:32:53]} 7. Nbd2
{[%clk 1:24:34]} a5 {[%clk 1:32:57]} 8. Qc2 {[%clk 1:23:16]} Nb4 {[%clk 1:28:51]}
9. Qb1 {[%clk 1:22:58]} c5 {[%clk 1:09:18]} 10. Rd1 {[%clk 1:06:20]} cxd4
{[%clk 0:55:14]} 11. Nxd4 {[%clk 1:06:24]} Qb6 {[%clk 0:53:50]} 12. e3
{[%clk 1:00:48]} Bc5 {[%clk 0:39:26]} 13. a3 {[%clk 0:42:33]} Nc6
{[%clk 0:35:37]} 14. Nc2 {[%clk 0:42:26]} d4 {[%clk 0:27:01]} 15. b4
{[%clk 0:24:17]} axb4 {[%clk 0:23:08]} 16. axb4 {[%clk 0:24:45]} Rxa1
{[%clk 0:22:55]} 17. Qxa1 {[%clk 0:24:34]} Nxb4 {[%clk 0:18:25]} 18. Nxb4
{[%clk 0:24:52]} Bxb4 {[%clk 0:18:21]} 19. exd4 {[%clk 0:24:32]} Rd8
{[%clk 0:15:58]} 20. Bb2 {[%clk 0:19:24]} Bd7 {[%clk 0:08:20]} 21. Nf3
{[%clk 0:19:22]} Bc6 {[%clk 0:07:50]} 22. d5 {[%clk 0:18:05]} exd5
{[%clk 0:06:29]} 23. Bxf6 {[%clk 0:18:06]} gxf6 {[%clk 0:06:38]} 24. Qxf6
{[%clk 0:18:16]} Rd6 {[%clk 0:06:14]} 25. Qg5+ {[%clk 0:15:54]} Rg6
{[%clk 0:06:12]} 26. Qf5 {[%clk 0:12:55]} dxc4 {[%clk 0:03:10]} 27. Ne5
{[%clk 0:12:22]} Bxg2 {[%clk 0:02:00]} 28. Qxf7+ {[%clk 0:12:13]} Kh8
{[%clk 0:02:23]} 29. Nxg6+ {[%clk 0:10:20]} hxg6 {[%clk 0:02:42]} 30. Kxg2
{[%clk 0:10:25]} Qc6+ {[%clk 0:00:39]} 31. f3 {[%clk 0:10:45]} Ba5
{[%clk 0:00:33]} 32. Rd7 {[%clk 0:11:02]} Qxd7 {[%clk 0:00:33]} 33. Qxd7
{[%clk 0:11:30]} c3 {[%clk 0:00:54]} 34. Qxb7 {[%clk 0:11:33]} 1-0

[Event "EYCC 2024 - G16"]
[Site "?"]
[Date "2024.08.25"]
[Round "4.14"]
[White "Tsapaki, Asimenia"]
[Black "Slusarczyk, Anna"]
[Result "0-1"]
[BlackElo "1997"]
[WhiteElo "1885"]
[LiveChessVersion "1.4.8"]

1. e4 {[%clk 1:30:54]} c5 {[%clk 1:30:55]} 2. Nf3 {[%clk 1:31:18]} e6
{[%clk 1:31:14]} 3. d4 {[%clk 1:31:43]} cxd4 {[%clk 1:31:36]} 4. Nxd4
{[%clk 1:32:08]} a6 {[%clk 1:31:57]} 5. c4 {[%clk 1:32:30]} Nf6 {[%clk 1:32:14]}
6. Nc3 {[%clk 1:32:52]} Qc7 {[%clk 1:32:36]} 7. a3 {[%clk 1:33:13]} d6
{[%clk 1:32:01]} 8. Bd3 {[%clk 1:33:21]} Nbd7 {[%clk 1:31:59]} 9. O-O
{[%clk 1:33:30]} Ne5 {[%clk 1:25:08]} 10. Be2 {[%clk 1:30:16]} b6
{[%clk 1:20:57]} 11. f4 {[%clk 1:28:42]} Ned7 {[%clk 1:19:58]} 12. Bd3
{[%clk 1:26:16]} Bb7 {[%clk 1:19:45]} 13. Qf3 {[%clk 1:26:05]} Be7
{[%clk 1:18:59]} 14. Be3 {[%clk 1:19:34]} h6 {[%clk 1:12:06]} 15. Rac1
{[%clk 1:13:34]} g5 {[%clk 0:59:01]} 16. Nde2 {[%clk 0:57:33]} h5
{[%clk 0:46:39]} 17. Bd4 {[%clk 0:52:07]} g4 {[%clk 0:37:39]} 18. Qf2
{[%clk 0:50:59]} Nc5 {[%clk 0:33:41]} 19. Bc2 {[%clk 0:47:08]} e5
{[%clk 0:23:30]} 20. Be3 {[%clk 0:36:54]} h4 {[%clk 0:06:11]} 21. Nd5
{[%clk 0:34:44]} Bxd5 {[%clk 0:04:26]} 22. cxd5 {[%clk 0:35:00]} Qb8
{[%clk 0:02:03]} 23. fxe5 {[%clk 0:27:45]} dxe5 {[%clk 0:02:16]} 24. Bg5
{[%clk 0:19:37]} Ncd7 {[%clk 0:02:18]} 25. Bxh4 {[%clk 0:19:03]} Bc5
{[%clk 0:02:41]} 0-1

[Event "EYCC 2024 - G16"]
[Site "?"]
[Date "2024.08.25"]
[Round "4.15"]
[White "Stankovic, Andrea"]
[Black "Haug, Mara"]
[Result "1-0"]
[BlackElo "1958"]
[WhiteElo "1856"]
[LiveChessVersion "1.4.8"]

1. d4 {[%clk 1:30:59]} Nf6 {[%clk 1:30:47]} 2. Nf3 {[%clk 1:31:22]} c5
{[%clk 1:31:07]} 3. d5 {[%clk 1:31:47]} g6 {[%clk 1:31:16]} 4. c4
{[%clk 1:29:31]} b5 {[%clk 1:31:28]} 5. Qc2 {[%clk 1:26:35]} b4 {[%clk 1:26:35]}
6. b3 {[%clk 1:24:04]} Bg7 {[%clk 1:25:43]} 7. Bb2 {[%clk 1:24:26]} d6
{[%clk 1:23:17]} 8. e4 {[%clk 1:24:10]} Nbd7 {[%clk 1:21:24]} 9. Bd3
{[%clk 1:09:09]} O-O {[%clk 1:18:16]} 10. O-O {[%clk 1:08:36]} Nb6
{[%clk 1:15:34]} 11. Nbd2 {[%clk 1:05:53]} a5 {[%clk 1:12:12]} 12. a3
{[%clk 0:59:30]} Qc7 {[%clk 0:53:40]} 13. Kh1 {[%clk 0:49:18]} Bd7
{[%clk 0:50:04]} 14. a4 {[%clk 0:48:09]} Rae8 {[%clk 0:45:33]} 15. Rae1
{[%clk 0:44:03]} Nh5 {[%clk 0:42:09]} 16. Qb1 {[%clk 0:36:44]} Bg4
{[%clk 0:30:53]} 17. Ng1 {[%clk 0:32:43]} Bh6 {[%clk 0:25:53]} 18. Qc1
{[%clk 0:23:37]} Bc8 {[%clk 0:11:25]} 19. Qd1 {[%clk 0:21:47]} Nd7
{[%clk 0:10:31]} 20. Ne2 {[%clk 0:14:09]} Ne5 {[%clk 0:09:09]} 21. Bc2
{[%clk 0:14:03]} Bg4 {[%clk 0:05:48]} 22. f3 {[%clk 0:11:35]} Bc8
{[%clk 0:06:15]} 23. f4 {[%clk 0:10:39]} Ng4 {[%clk 0:05:04]} 24. Rf3
{[%clk 0:10:06]} Bg7 {[%clk 0:04:56]} 25. Bxg7 {[%clk 0:08:42]} Nxg7
{[%clk 0:05:24]} 26. h3 {[%clk 0:08:38]} Nf6 {[%clk 0:05:53]} 27. g4
{[%clk 0:07:30]} e5 {[%clk 0:04:35]} 28. fxe5 {[%clk 0:04:44]} Nd7
{[%clk 0:05:00]} 29. exd6 {[%clk 0:04:49]} Qxd6 {[%clk 0:05:28]} 30. Rf2
{[%clk 0:02:45]} h5 {[%clk 0:05:16]} 31. Nf4 {[%clk 0:02:06]} hxg4
{[%clk 0:04:28]} 32. hxg4 {[%clk 0:02:31]} Ne5 {[%clk 0:04:39]} 33. Rg1
{[%clk 0:02:31]} Qd7 {[%clk 0:03:56]} 34. Rfg2 {[%clk 0:02:03]} Rd8
{[%clk 0:03:15]} 35. Nd3 {[%clk 0:02:08]} Qe7 {[%clk 0:03:03]} 36. Nf3
{[%clk 0:01:38]} f6 {[%clk 0:02:15]} 37. g5 {[%clk 0:01:07]} Nxd3
{[%clk 0:01:37]} 38. Qxd3 {[%clk 0:01:07]} Kf7 {[%clk 0:00:52]} 39. gxf6
{[%clk 0:01:09]} Rh8+ {[%clk 0:01:21]} 40. Nh2 {[%clk 0:01:19]} Qxf6
{[%clk 0:01:31]} 41. Rf1 {[%clk 0:00:59]} Nf5 {[%clk 0:01:15]} 42. exf5
{[%clk 0:01:18]} Bxf5 {[%clk 0:01:44]} 43. Qg3 {[%clk 0:00:59]} Rd7
{[%clk 0:00:38]} 44. Bxf5 {[%clk 0:00:59]} gxf5 {[%clk 0:01:07]} 45. Qg5
{[%clk 0:00:59]} Rxh2+ {[%clk 0:00:36]} 46. Kxh2 {[%clk 0:01:25]} Qh8+
{[%clk 0:01:01]} 47. Kg1 {[%clk 0:01:18]} Qd4+ {[%clk 0:01:29]} 48. Kh1
{[%clk 0:01:03]} Qh8+ {[%clk 0:01:39]} 49. Rh2 {[%clk 0:01:21]} 1-0